MDQL
is popping MORE tags! Check the
thread
!
Quizzes
Events
Quiz Creation
Community
Videos
Private Events
Remove Ads
Sign In
Join for FREE
Feedback
Dark Mode
Quiz Categories
Sports
Geography
Music
Movies
Television
Just For Fun
Miscellaneous
History
Literature
Language
Science
Gaming
Entertainment
Religion
Holiday
For Kids
Quiz Lab
Recent
Popular Today
Quiz Kudos Today
Editor Picks
Curator Picks
Quizzes by...
Day
Popularity
Type
Ratings
Length
Year
Community
Subscriptions
Recent Discussions
Orange Saloon
Badges
Playlists
Quests
Create
Leaderboards
Showdown
Live 5
Trivia Bingo
Activity
Puzzle Library
Sporcle Events
Private Events
Virtual Trivia
Globe League
Become a Host
Pub Owners
SporcleCon
Opinionation
Our Games
Videos
Blog
Mobile Apps
Partnerships
Remove Ads and Go Orange
Feedback
Music
Pop Music
The Beatles
Song
Album
Lyrics
Bands
Singers
Artist
Clip
Rock
Rap
Classical
Billboard
Country Music
Kpop
Taylor Swift
Music
Pop Music
The Beatles
Song
Album
Lyrics
Bands
Singers
Artist
Clip
Rock
Rap
Classical
Billboard
Country Music
Kpop
Taylor Swift
Random Quiz
Search Sporcle
×
Quiz Lab
Quiz Lab
Music
Song
Type in answers that appear in a list
Type in answers that appear in a list
Classic
Best Score? Go Orange.
Musicals from Songs Stats
Can you name the Musicals form Songs?
By
jaycee4141
6m
30 Questions
639 Plays
639 Plays
639 Plays
Comments
Comments
Give Quiz Kudos
Give Quiz Kudos
-
- Ratings
hide this ad
Forced Order
Answers have to be entered in order
Answers have to be entered in order
Replay
Link that replays current quiz
Next Quiz
Link to next quiz in quiz playlist
You Got
0%
They Got
Avg Score
59%
Avg Friend Score
Upgrade to see
Score Distribution
Jump to the score distribution portion of the page
Score
0/30
Timer
06:00
0
Plays Today
Songs
Musical
% Correct
I Just Can't Wait to Be King,
Be Prepared,
They Live in You
Lion King
95.9%
Cell Block Tango,
Mr. Cellophane,
All That Jazz
Chicago
94.7%
The Lonely Goatherd,
Sixteen Going on Seventeen,
Do Re Mi
The Sound of Music
93.3%
Tonight,
I Feel Pretty,
Gee, Officer Krupke
West Side Story
92%
The Music of the Night,
Angel of Music,
Masquerade
The Phantom of the Opera
91.1%
On My Own,
I Dreamed A Dream,
Lovely Ladies
Les Misérables
88.9%
Run and Tell That!,
Miss Baltimore Crabs,
Without Love
Hairspray
84.8%
The Invitation To The Jellicle Ball,
Mr. Mistoffelees,
Memory
Cats
84.2%
Where Do I Go?,
Aquarius,
Easy to Be Hard
Hair
80.9%
No Good Deed,
Dancing Through Life,
What Is This Feeling?
Wicked
80.7%
Practically Perfect,
Brimstone and Treacle,
Feed the Birds
Mary Poppins
77.6%
Alma Mater,
Those Magic Changes,
We Go Together
Grease
70.8%
Der Gueten Tag Hop-
Clop,
Keep It Gay,
'Til Him
The Producers
66.9%
What Do You Do with a B.A. in English?,
My Girlfriend, Who Lives in Canada,
Schadenfreude
Avenue Q
65.7%
Dentist!,
Somewhere That's Green,
Suppertime
Little Shop of Horrors
65.4%
Songs
Musical
% Correct
Run, Freedom, Run!,
It's a Privilege to Pee,
I See a River
Urinetown
64.4%
A Bushel and a Peck,
Sit Down, You're Rockin' the Boat,
The Oldest Established
Guys and Dolls
63.2%
My Defenses Are Down,
Doin' What Comes Natur'lly,
Anything You Can Do
Annie Get Your Gun
56.4%
There Is Nothing Like a Dame,
Cockeyed Optimist,
Happy Talk
South Pacific
50%
Left Behind,
I Believe,
The Dark I Know Well
Spring Awakening
45.8%
96,000,
Blackout/
Fireworks,
Hundreds of Stories
In the Heights
45.6%
Not for the Life of Me,
Forget About the Boy,
The Speed Test
Thoroughly Modern Millie
41.7%
Untitled Opening Number,
I Am Playing Me,
The Tony Award Song
[title of show]
35.3%
What Was a Woman To Do,
Love is My Legs,
Dirty Rotten Number
Dirty Rotten Scoundrels
33.7%
The Goodbye Song,
When Words Fail,
Freak Flag
Shrek
31.3%
The Juggernaut,
Let Me Drown,
The Life of the Party
The Wild Party
24.9%
A Tree Named Sofia,
Church Ladies' Easter,
Push Da Button
The Color Purple
17.1%
Brand New You,
What It Means to Be a Friend,
It Can’t Be True
13
16.5%
Evil Woman,
Have You Never Been Mellow,
Whenever You're Away From Me
Xanadu
12.1%
Show You a Thing or Two,
All Hell Breaks Loose,
Apology to a Cow
Bat Boy
8.9%
Quiz Playlist
Details
Report
Send in Message
Add To Playlist
Classic:
Type in answers that appear in a list
Forced Order:
Answers have to be entered in order
Last Updated: Feb 16, 2017
Quiz Scoreboard
CHALLENGE
Sign Up to Join the Scoreboard
Show All
Scores
Hide
Comments
May contain spoilers
Recently Published
Colored Red Africa Blitz
by spor1
Geography
30s
Find the 'City' Movie
by crazypaving
Movies
60s
5x2 Blitz: Bands
by SL_Kpop136
Music
30s
More to Explore
Quiz From the Vault
Featured Blog Post
14 Easter Pick-up Lines to Find Eggs With
hide this ad
You Might Also Like...
Tags
Musical Quiz
Song Quiz
form
Today's Top Quizzes in Music
Browse Music
hide this ad
Today's Top Quizzes in Song
Browse Song
Top Contributed Quizzes in Music
1
5X2 Blitz: Bands II
2
Taylor Swift Logic Puzzle II
3
Taylor Swift All Songs (2024)
4
5X2 Blitz: The Beatles
5
5X2 Blitz: Billboard
6
5X2 Blitz: Singers
7
5X2 Blitz: Album
8
5X2 Blitz: Rock
9
Music Artist by Three 2010s hits
10
5X2 Blitz: Billboard II
Explore More
Trending Topics
Harry Potter
Marvel
Disney
Crossword
Anime
NBA
Kpop
Pokémon
NFL
WWE
Puzzle
Soccer
Country
The Office
Song
hide this ad
More By:
jaycee4141
Quiz
Plays
Rating
Category
Featured
Created
Disney Channel Original Movies
12,864
3.95
Movies
Sep 27, 2009
Songs translated by Joseph Ducreux
749
2.75
Music
Oct 17, 2011
Musicals from Songs
639
4.33
Music
Sep 27, 2009
Country from Last Names
612
3.88
Miscellaneous
Sep 28, 2009
Go to Creator's Profile
Score Distribution
Quiz Creator Spotlight
jaycee4141
Follow
Send a Message
Quizzes Created
-
Created Quiz Play Count
-
More By This Creator
Popular Quizzes Today
1
Find the 'City' Movie
2
Colored Red Africa Blitz
3
5x2 Blitz: Bands
4
Find the US States - No Outlines Minefield
5
The Countries of the World
6
Find the US States
7
9x9 Crossword: Cartoon Network
8
US States
More Music Quizzes
Taylor Swift & Eyes
Quiz Lab
Trending Quizzes
Colored Red Europe Blitz I
Colored Red Africa Blitz II
Colored Red Africa Blitz III
Colored Red Europe Blitz III
Colored Red Europe Blitz II
Recently Updated
Champions League XIs: Real Madrid
pecheneg
Largest US Cities 1790-2010
pecheneg
Rides in Walt Disney World
pecheneg
Most Oscar Losses (Acting)
pecheneg
Beyoncé Albums
pecheneg
Leaping Animals
pecheneg
Reality TV Shows (A-Z)
bhenderson79
Rickey Henderson's Hall of Fame Teammates
pecheneg
Champions League XIs: Arsenal
pecheneg
Quick Pick: Celebrities in WWE's Hall of Fame
aduchscher
Trending Topics
Kpop
Harry Potter
NBA
Disney
Crossword
Anime
Marvel
NFL
Song
The Office
Country
Pokémon
Soccer
Puzzle
WWE
Your Account Isn't Verified!
In order to create a playlist on Sporcle, you need to verify the email address you used during registration. Go to your
Sporcle Settings
to finish the process.
Report this User
Report this user for behavior that violates our
Community Guidelines
.
Details:
Send Report
Go to the Sporcle.com Mobile Site →
Comments